Представление документа в формате RUSMARC

ПолеНазваниеЗначение
  Тип записи a
  Библиографический уровень m
001 Контрольный номер 2d247d14ee7e4f5897f3e3ae11039dcf
005 Дата корректировки 20140528133731.5
010 Индекс ISBN __
a ISBN 978-5-394-00970-9
101 Язык документа 0_
a Язык текста rus
102 Страна публикации __
a Страна публикации RU
200 Заглавие и сведения об ответственности 1_
a Заглавие Информационные технологии в налогообложениии
e Сведения, относящиеся к заглавию учеб. пособие
f Первые сведения об ответственности В. М. Вдовин, Л. Е. Суркова, А. В. Смирнова
210 Выходные данные 1_
c Издательство Дашков и К
a Место издания М.
d Дата издания 2011
215 Физическое описание __
a Объем 205, [1] с.
610 Ключевые слова 0_
a Ключевые слова налоги
610 Ключевые слова 0_
a Ключевые слова информационные технологии
610 Ключевые слова 0_
a Ключевые слова налоговая информация
610 Ключевые слова 0_
a Ключевые слова автоматизированная информационная система
610 Ключевые слова 0_
a Ключевые слова информационное обеспечение АИС
610 Ключевые слова 0_
a Ключевые слова налоговая отчетность
610 Ключевые слова 0_
a Ключевые слова налоговые информационные системы
610 Ключевые слова 0_
a Ключевые слова оценка эффективности систем
610 Ключевые слова 0_
a Ключевые слова учебное пособие
686 Индексы других классификаций __
a Классификационный индекс 65.9(2)261.413я73
2 Код системы rubbk
686 Индексы других классификаций __
a Классификационный индекс 32.973.202я73
2 Код системы rubbk
700 Автор _1
a Фамилия Вдовин
b Имя В. М.
g Полное личное имя Виктор Михайлович
y ДА
701 Альтернативная интеллектуальная ответственность _1
a Фамилия Суркова
b Имя Л. Е.
g Полное личное имя Людмила Евгеньевна
y ДА
701 Альтернативная интеллектуальная ответственность _1
a Фамилия Смирнова
b Имя А. В.
g Полное личное имя Ангелина Владимировна
801 Источник записи _0
a Страна RU
b Организация РУК
c Дата составления 20110629
g Правила каталогизации PSBO
801 Источник записи _1
a Страна RU
b Организация РУК
c Дата составления 20110629
g Правила каталогизации PSBO
852 Данные о местонахождении __
j Шифр хранения ББК 65.9(2)26
i Авторский знак В 25
901 Тип документа __
t Тип документа m
912 Принадлежность преподавателя к РУК __
a Принадлежность преподавателя к РУК Преподаватель Головного вуза
938 Служебная информация __
a Название организации Головной вуз
b Имя БД BOOK
c Название АИБС АИБС ИРБИС